Loading...
| Science - Chemistry | 0 | 4 | 0 | 0 | 40 | 30 | 61.50 | 1 | 2 |
| Science - Biology | 0 | 3 | 0 | 0 | 30 | 42 | 62.33 | 0 | 2 |
| Pop Culture | 0 | 3 | 0 | 0 | 30 | 22 | 39.67 | 0 | 1 |
| History - European History | 0 | 3 | 0 | 2 | 30 | 62 | 93.00 | 0 | 1 |
| History - Other History | 0 | 3 | 0 | 1 | 30 | 58 | 93.00 | 0 | 1 |
| Social Science | 0 | 2 | 0 | 0 | 20 | 71 | 86.50 | 0 | 0 |
| Literature - American Literature | 0 | 2 | 0 | 0 | 20 | 41 | 68.50 | 1 | 1 |
| Literature - British Literature | 0 | 2 | 0 | 0 | 20 | 27 | 51.00 | 0 | 1 |
| Literature - World Literature | 0 | 2 | 0 | 0 | 20 | 86 | 94.00 | 0 | 0 |
| Mythology | 0 | 2 | 0 | 0 | 20 | 94 | 97.00 | 0 | 0 |
| Religion | 0 | 2 | 0 | 1 | 20 | 111 | 117.00 | 0 | 0 |
| Literature - European Literature | 0 | 2 | 1 | 1 | 15 | 84 | 103.00 | 0 | 0 |
| Fine Arts - Other Fine Arts | 0 | 2 | 1 | 0 | 15 | 71 | 76.00 | 0 | 1 |
| Science - Physics | 0 | 2 | 1 | 2 | 15 | 105 | 108.50 | 0 | 0 |
| Painting/Sculpture | 0 | 1 | 0 | 0 | 10 | 83 | 83.00 | 0 | 0 |
| Fine Arts - Classical Music | 0 | 1 | 0 | 0 | 10 | 103 | 103.00 | 0 | 0 |
| History - American History | 0 | 1 | 0 | 0 | 10 | 20 | 20.00 | 1 | 1 |
| Science - Other Science | 0 | 1 | 1 | 0 | 5 | 59 | 59.00 | 0 | 0 |
| Philosophy | 0 | 1 | 1 | 0 | 5 | 89 | 89.00 | 0 | 0 |